000 00701nmc a2200265 a 4500
003 AR-BaBNM
005 20251128211829.0
008 036120s2004 ||||||||||||||000 | spa||
020 _a987-1105-10-X
040 _cAR-BaBNM
100 1 _aBourdieu, Pierre
245 1 0 _aEl oficio de sociólogo
_bpresupuestos epistemológicos
250 _a2ª ed.
260 _aBuenos Aires
_bSiglo XXI Editores
_c2004
300 0 _a372 p.
490 0 _aSociología y política
650 4 _aSOCIOLOGOS
650 4 _aTRABAJADORES SOCIALES
650 4 _aEPISTEMOLOGIA
650 4 _aSOCIOLOGIA
700 1 _aChamboredon, Jean-Claude
700 1 _aPasseron, Jean-Claude
942 _cBK
998 _cNancy
999 _c21293
_d21293